| 000 | 00837cam a22002777a 4500 | ||
|---|---|---|---|
| 003 | CHAP | ||
| 005 | 20220329135247.0 | ||
| 008 | 971013s1958 r 00010 d | ||
| 010 | _a33433 | ||
| 011 | _a34405 | ||
| 035 | _a38521 | ||
| 040 | _cCHAP | ||
| 090 | _aFolleto 8102 | ||
| 100 | 0 | 0 |
_aObregón, Fernando. _982581 |
| 245 | 1 | 3 | _aEl cultivo de la carpa seleccionada de Israel en México |
| 260 |
_aMéxico, D. F. : _bBanco Nacional de Crédito Ejidal, _c1958 |
||
| 300 |
_a40 p. _b: ilus. |
||
| 590 |
_aBATCH-UPD _b10 _c20130110 _lUCH01 _h1110 |
||
| 590 |
_aBATCH-UPD _b10 _c20130410 _lUCH01 _h0701 |
||
| 590 |
_aBATCH-UPD _b10 _c20130914 _lUCH01 _h0851 |
||
| 590 |
_aCONVERSION _b10 _c20130109 _lUCH01 _h1319 |
||
| 650 | 1 | 4 |
_aCarpa. _919269 |
| 901 | _aBK | ||
| 942 | _cFOLL | ||
| 949 |
_aFolleto 8102 _bBC _cFOLL _d-88032 _eTS1 _i38521 _si |
||
| 999 |
_c33433 _d33433 |
||